[Event "Champ Bialystok'2012 U-20"]
[Site "Bialystok"]
[Date "2012.??.??"]
[Round "1.2"]
[White "Kozaczynska, Aleksandra"]
[Black "Rudnik, Anna"]
[Result "1-0"]
[WhiteElo "1541"]
[BlackElo "1586"]
[PlyCount "81"]
[EventDate "2012.??.??"]

1. e4 e5 2. Nf3 Nc6 3. Bc4 Nf6 4. d3 Be7 5. c3 d6 6. Bb3 O-O 7. Nbd2 Be6 8. Bc2
d5 9. O-O dxe4 10. Nxe4 Nxe4 11. dxe4 Bc5 12. Qe2 a6 13. Ng5 Re8 14. Nxe6 Rxe6
15. Bb3 Rg6 16. Bxf7+ Kxf7 17. Qc4+ Ke8 18. Qxc5 Qh4 19. f3 Rd8 20. Qf2 Qe7 21.
Be3 b6 22. Qe2 a5 23. Rad1 Qe6 24. b3 h6 25. Qb5 Qh3 26. Qxc6+ Rxc6 27. gxh3
Rxc3 28. Rxd8+ Kxd8 29. Rd1+ Kc8 30. Kf2 Rc2+ 31. Rd2 Rc6 32. Kf1 Rf6 33. Ke2
g5 34. Rd5 Re6 35. Bd2 c6 36. Rd3 Kc7 37. Bc3 Re8 38. Kf2 Re6 39. Kg3 Kc8 40.
Kg4 Kc7 41. Kf5 1-0

[Event "Champ Bialystok'2012 U-20"]
[Site "Bialystok"]
[Date "2012.??.??"]
[Round "1.3"]
[White "Daciuk, Jaroslaw"]
[Black "Trofimiuk, Tomasz"]
[Result "0-1"]
[WhiteElo "1627"]
[BlackElo "1575"]
[PlyCount "60"]
[EventDate "2012.??.??"]

1. c4 Nf6 2. Nf3 e6 3. Nc3 b6 4. d4 Bb4 5. Qc2 Bxc3+ 6. bxc3 Bb7 7. e3 Ne4 8.
Bd3 f5 9. O-O O-O 10. Nd2 Nxd2 11. Bxd2 d6 12. f3 Nd7 13. e4 fxe4 14. fxe4 e5
15. Rxf8+ Qxf8 16. Rf1 Qe7 17. h3 Rf8 18. Rxf8+ Nxf8 19. Be3 c5 20. d5 Bc8 21.
Qd1 Qh4 22. Bf2 Qg5 23. Kh2 Ng6 24. g3 Bd7 25. Qe1 Qh5 26. Bf1 Qf3 27. Bg2 Qd3
28. Bf1 Qc2 29. Bg2 Qb2 30. Qe3 Qxa2 0-1

[Event "Champ Bialystok'2012 U-20"]
[Site "Bialystok"]
[Date "2012.??.??"]
[Round "1.4"]
[White "Gorbacz, Filip"]
[Black "Borawski, Jakub"]
[Result "0-1"]
[WhiteElo "1691"]
[BlackElo "1921"]
[PlyCount "84"]
[EventDate "2012.??.??"]

1. e4 e5 2. Nf3 Nc6 3. Nc3 Nf6 4. Bc4 Nxe4 5. Nxe4 d5 6. Bxd5 Qxd5 7. Nc3 Qd8
8. h3 Bc5 9. a3 a5 10. d3 O-O 11. Be3 Bd4 12. O-O Ra6 13. Bxd4 exd4 14. Ne4 Qd5
15. Re1 Rb6 16. b3 Ne7 17. Ng3 Ng6 18. Nd2 Nh4 19. Re4 Rh6 20. Nf3 Nxf3+ 21.
Qxf3 f5 22. Rf4 Qc5 23. Ne2 Rd6 24. h4 Qxc2 25. Rc1 Qxb3 26. Rxd4 Qxa3 27. Rc3
Qa1+ 28. Rc1 Qxc1+ 29. Nxc1 Rxd4 30. Nb3 Rxh4 31. Qd5+ Kh8 32. Nxa5 c6 33. Qb3
Re8 34. f3 Rd4 35. Nxb7 Bxb7 36. Qxb7 Rxd3 37. Qxc6 Red8 38. Kh2 f4 39. Qe4
R3d4 40. Qf5 h6 41. g3 fxg3+ 42. Kxg3 R4d6 0-1

[Event "Champ Bialystok'2012 U-20"]
[Site "Bialystok"]
[Date "2012.??.??"]
[Round "2.2"]
[White "Borawski, Jakub"]
[Black "Zochowski, Kacper"]
[Result "1-0"]
[WhiteElo "1921"]
[BlackElo "2049"]
[PlyCount "77"]
[EventDate "2012.??.??"]

1. e4 c5 2. Nf3 d6 3. d4 cxd4 4. Nxd4 Nf6 5. Nc3 a6 6. Be2 e6 7. f4 Nbd7 8. a4
b6 9. Bf3 Bb7 10. Qe2 Qc7 11. g4 O-O-O 12. a5 e5 13. axb6 Nxb6 14. Nb3 Nc4 15.
g5 Nd7 16. Nd5 Bxd5 17. exd5 Ndb6 18. Rxa6 Kb7 19. Ra1 exf4 20. Bxf4 Be7 21.
O-O Ra8 22. Nd4 Rhe8 23. Rxa8 Rxa8 24. Nc6 Bd8 25. b3 Na5 26. Qb5 Nxc6 27.
dxc6+ Kc8 28. Rd1 Be7 29. Qf5+ Kb8 30. Qxf7 Ra2 31. Qxg7 Rxc2 32. Qxe7 Qxe7 33.
Bxd6+ Qxd6 34. Rxd6 Rc3 35. Kg2 Rxb3 36. Rh6 Nc4 37. Rxh7 Rb2+ 38. Kg3 Rb3 39.
Rb7+ 1-0

[Event "Champ Bialystok'2012 U-20"]
[Site "Bialystok"]
[Date "2012.??.??"]
[Round "2.3"]
[White "Trofimiuk, Tomasz"]
[Black "Gorbacz, Filip"]
[Result "0-1"]
[WhiteElo "1575"]
[BlackElo "1691"]
[PlyCount "63"]
[EventDate "2012.??.??"]

1. e4 c5 2. Nf3 d6 3. d4 cxd4 4. Nxd4 Nf6 5. Nc3 a6 6. Be3 e6 7. a4 b6 8. Bd3
Be7 9. O-O Bb7 10. f4 Nbd7 11. Rf3 Nc5 12. Rg3 Ncxe4 13. Nxe4 Nxe4 14. Rxg7 Nf6
15. Nf3 h6 16. f5 e5 17. Bc4 d5 18. Bb3 Qc7 19. c4 Bf8 20. Rg3 Bc5 21. Bxc5
Qxc5+ 22. Kh1 Ne4 23. Qe2 Nxg3+ 24. hxg3 f6 25. Nxe5 fxe5 26. Qxe5+ Kd7 27.
Qe6+ Kc7 28. cxd5 Rad8 29. Rd1 Qd6 30. Qe3 h5 31. a5 h4 32. gxh4 0-1

[Event "Champ Bialystok'2012 U-20"]
[Site "Bialystok"]
[Date "2012.??.??"]
[Round "2.4"]
[White "Rudnik, Anna"]
[Black "Daciuk, Jaroslaw"]
[Result "0-1"]
[WhiteElo "1586"]
[BlackElo "1627"]
[PlyCount "88"]
[EventDate "2012.??.??"]

1. e4 c5 2. Nf3 e6 3. d4 cxd4 4. Nxd4 Nc6 5. Nxc6 bxc6 6. Bd3 d5 7. O-O Nf6 8.
e5 Nd7 9. f4 Qb6+ 10. Kh1 c5 11. c3 c4 12. Bc2 Bc5 13. Nd2 Bb7 14. Qg4 g6 15.
Nf3 Nb8 16. Bd2 Nc6 17. b4 cxb3 18. Bxb3 O-O-O 19. Rab1 Qa6 20. Ng5 h5 21. Qh3
Rhf8 22. Nxf7 Rxf7 23. Qxe6+ Rdd7 24. Qxg6 Nxe5 25. Qxa6 Bxa6 26. fxe5 Rxf1+
27. Rxf1 Bxf1 28. e6 Rd8 29. Bg5 Rg8 30. h4 Bc4 31. Bd1 Rh8 32. e7 Bxe7 33.
Bxe7 Re8 34. Bxh5 Rxe7 35. Bg4+ Kc7 36. h5 Bxa2 37. Bf5 Kd6 38. h6 Ke5 39. Bg6
Rb7 40. g4 Kf6 41. Bf5 Bb1 42. h7 Kg7 43. Be6 Be4+ 44. Kh2 Kxh7 0-1

[Event "Champ Bialystok'2012 U-20"]
[Site "Bialystok"]
[Date "2012.??.??"]
[Round "3.1"]
[White "Kozaczynska, Aleksandra"]
[Black "Burakowska, Gabriela"]
[Result "0-1"]
[WhiteElo "1541"]
[BlackElo "1554"]
[PlyCount "146"]
[EventDate "2012.??.??"]

1. e4 c5 2. Nf3 e6 3. d4 cxd4 4. Nxd4 a6 5. Bd3 b5 6. Nc3 Bb7 7. O-O d6 8. Kh1
Nf6 9. a3 Be7 10. f4 Nc6 11. Nxc6 Bxc6 12. Qe2 Qc7 13. Bd2 Nd7 14. Rae1 Bh4 15.
Rd1 Qb7 16. Na2 a5 17. Bc3 Bf6 18. e5 dxe5 19. fxe5 Be7 20. Qg4 O-O 21. Rde1
Nc5 22. Re3 Nxd3 23. Rxd3 Rfd8 24. Rg3 Bf8 25. b4 a4 26. Nc1 Rac8 27. Ne2 Be4
28. Rc1 Rc4 29. Qg5 Qe7 30. Qe3 Qc7 31. Nd4 Qb7 32. Nf3 Rdc8 33. Ng5 Bxg2+ 34.
Rxg2 Rxc3 35. Qf2 h6 36. Nxe6 fxe6 37. Rf1 Rxc2 38. Qg3 Qxg2+ 39. Qxg2 Rxg2 40.
Kxg2 Rc2+ 41. Kg1 Rc3 42. Ra1 g5 43. Kg2 Bg7 44. Rd1 Bxe5 45. Rd8+ Kf7 46. Rd7+
Kf6 47. Rb7 Rxa3 48. Rxb5 Ra2+ 49. Kf3 Bxh2 50. Rb6 Kf5 51. b5 h5 52. Rc6 g4+
53. Ke3 Bf4+ 54. Kd3 Rd2+ 55. Kc3 a3 56. Rc5+ Rd5 57. Rc4 Rxb5 58. Ra4 Be5+ 59.
Kc4 Rd5 60. Rxa3 Rd4+ 61. Kc5 Bd6+ 62. Kxd4 Bxa3 63. Ke3 h4 64. Kf2 Kf4 65. Kg2
e5 66. Kf2 h3 67. Kg1 Kf3 68. Kh1 g3 69. Kg1 Bc1 70. Kh1 g2+ 71. Kg1 Be3+ 72.
Kh2 g1=Q+ 73. Kxh3 Qg3# 0-1

[Event "Champ Bialystok'2012 U-20"]
[Site "Bialystok"]
[Date "2012.??.??"]
[Round "3.3"]
[White "Gorbacz, Filip"]
[Black "Rudnik, Anna"]
[Result "1-0"]
[WhiteElo "1691"]
[BlackElo "1586"]
[PlyCount "61"]
[EventDate "2012.??.??"]

1. e4 e5 2. Nf3 Nc6 3. d4 exd4 4. Bc4 Bc5 5. Ng5 Ne5 6. Bxf7+ Nxf7 7. Nxf7 Bb4+
8. c3 dxc3 9. bxc3 Kxf7 10. cxb4 Nf6 11. Nc3 d6 12. O-O Rf8 13. Bg5 Be6 14. f4
h6 15. Bh4 c6 16. Kh1 Qc7 17. Rc1 Qd7 18. e5 Nd5 19. f5 Bxf5 20. Nxd5 cxd5 21.
Qxd5+ Ke8 22. exd6 g5 23. Rfe1+ Kd8 24. Re7 Qxe7 25. dxe7+ Kxe7 26. Qxb7+ Kf6
27. Bg3 Rae8 28. h4 Re7 29. Qd5 Rff7 30. Rf1 Kg6 31. h5+ 1-0

[Event "Champ Bialystok'2012 U-20"]
[Site "Bialystok"]
[Date "2012.??.??"]
[Round "3.4"]
[White "Zochowski, Kacper"]
[Black "Trofimiuk, Tomasz"]
[Result "1-0"]
[WhiteElo "2049"]
[BlackElo "1575"]
[PlyCount "53"]
[EventDate "2012.??.??"]

1. e4 c5 2. Ne2 d6 3. d4 cxd4 4. Nxd4 Nf6 5. Nc3 g6 6. f4 Nc6 7. Nf3 Bg7 8. Bd3
O-O 9. O-O a6 10. a4 b6 11. Qe1 Nb4 12. Qh4 Bb7 13. Bd2 Rc8 14. Rae1 b5 15. Kh1
bxa4 16. e5 Nxd3 17. cxd3 dxe5 18. fxe5 Nd5 19. Ne4 f6 20. Bh6 Rc2 21. Bxg7
Kxg7 22. Nfg5 fxg5 23. Nxg5 Rxf1+ 24. Rxf1 Qg8 25. Rf7+ Qxf7 26. Qxh7+ Kf8 27.
Qxf7# 1-0

[Event "Champ Bialystok'2012 U-20"]
[Site "Bialystok"]
[Date "2012.??.??"]
[Round "4.1"]
[White "Burakowska, Gabriela"]
[Black "Borawski, Jakub"]
[Result "0-1"]
[WhiteElo "1554"]
[BlackElo "1921"]
[PlyCount "68"]
[EventDate "2012.??.??"]

1. d4 Nf6 2. Nf3 e6 3. Bf4 c5 4. c3 b6 5. e3 Bb7 6. Nbd2 cxd4 7. exd4 Be7 8.
Bd3 O-O 9. O-O Nd5 10. Bxb8 Rxb8 11. Ne5 d6 12. Nec4 Nf4 13. Nf3 Nxd3 14. Qxd3
Ba6 15. d5 Rc8 16. b3 exd5 17. Qxd5 Rc5 18. Qd4 d5 19. Nce5 Bxf1 20. Rxf1 Bf6
21. h4 Qc7 22. g4 Rxc3 23. g5 Rxf3 24. gxf6 Rxf6 25. Kh1 Rf5 26. f4 Qe7 27. Qf2
Rxe5 28. fxe5 Qxe5 29. Re1 Qd6 30. Rd1 Re8 31. Rf1 Qe6 32. Qh2 h6 33. Kg1 Qg4+
34. Kh1 Re2 0-1

[Event "Champ Bialystok'2012 U-20"]
[Site "Bialystok"]
[Date "2012.??.??"]
[Round "4.3"]
[White "Rudnik, Anna"]
[Black "Zochowski, Kacper"]
[Result "0-1"]
[WhiteElo "1586"]
[BlackElo "2049"]
[PlyCount "68"]
[EventDate "2012.??.??"]

1. e4 c5 2. Nf3 d6 3. d4 cxd4 4. Nxd4 Nf6 5. Nc3 a6 6. Be2 Nbd7 7. f4 g6 8. a4
Bg7 9. O-O O-O 10. Bf3 Nc5 11. g4 Nxg4 12. b4 Ne6 13. Nxe6 Bxe6 14. Bxg4 Bxg4
15. Qxg4 Bxc3 16. Rb1 f5 17. exf5 Bd4+ 18. Kh1 Rxf5 19. Bd2 Qc7 20. Qg2 Rc8 21.
Rfc1 b5 22. a5 Qc4 23. h3 Rcf8 24. c3 Bg7 25. Qg3 Bh6 26. Rg1 Bxf4 27. Bxf4
Rxf4 28. Rb2 Rf3 29. Qg2 Qxc3 30. Kh2 Qe5+ 31. Kh1 Qe4 32. Kh2 Qf4+ 33. Kh1 Qh4
34. Kh2 Rf2 0-1

[Event "Champ Bialystok'2012 U-20"]
[Site "Bialystok"]
[Date "2012.??.??"]
[Round "4.5"]
[White "Kozaczynska, Aleksandra"]
[Black "Daciuk, Jaroslaw"]
[Result "1-0"]
[WhiteElo "1541"]
[BlackElo "1627"]
[PlyCount "61"]
[EventDate "2012.??.??"]

1. e4 c5 2. Nf3 e6 3. d4 cxd4 4. Nxd4 Nc6 5. Nb5 a6 6. Nd6+ Bxd6 7. Qxd6 Qe7 8.
Qd1 Nf6 9. Nc3 b5 10. a3 Bb7 11. Be2 O-O 12. O-O d6 13. f4 Qc7 14. Kh1 Rfd8 15.
Bf3 e5 16. Be3 Na5 17. f5 Nc4 18. Qc1 d5 19. exd5 Nxd5 20. Nxd5 Bxd5 21. Bxd5
Rxd5 22. f6 Nxe3 23. Qxe3 Qxc2 24. Qf3 Qd3 25. Qg4 Qg6 26. Qf3 Rad8 27. Rac1 e4
28. Qc3 Rd2 29. Qxd2 Re8 30. Qd7 Rf8 31. Rc8 1-0

[Event "Champ Bialystok'2012 U-20"]
[Site "Bialystok"]
[Date "2012.??.??"]
[Round "5.1"]
[White "Daciuk, Jaroslaw"]
[Black "Burakowska, Gabriela"]
[Result "1/2-1/2"]
[WhiteElo "1627"]
[BlackElo "1554"]
[PlyCount "118"]
[EventDate "2012.??.??"]

1. c4 c5 2. Nc3 e6 3. Nf3 a6 4. g3 Nc6 5. Bg2 Nf6 6. O-O Be7 7. d4 cxd4 8. Nxd4
Qc7 9. e4 O-O 10. Nc2 Nb4 11. Nxb4 Bxb4 12. Qb3 Be7 13. Be3 Bc5 14. Bxc5 Qxc5
15. Rad1 d6 16. Na4 Qc7 17. Nb6 Rb8 18. Rd2 Nd7 19. Nxd7 Bxd7 20. Qb4 Bc6 21.
Qxd6 Qb6 22. Rfd1 h6 23. Qe7 Rbe8 24. Qh4 f5 25. e5 Bxg2 26. Kxg2 f4 27. b3 f3+
28. Kg1 Rf5 29. Qe4 Qc5 30. Rd8 Qe7 31. Rxe8+ Qxe8 32. Rd3 Qh5 33. Re3 g5 34.
h4 Rf7 35. Rd3 Kg7 36. Rd4 Qg6 37. Qxg6+ Kxg6 38. hxg5 Kxg5 39. Rd3 Rf5 40. Re3
h5 41. Kh2 Rf8 42. Kh3 Rf5 43. Re4 Rf7 44. Re3 Rf5 45. b4 Rf7 46. c5 Rf5 47. a4
Rf7 48. Re4 Rd7 49. b5 Rd1 50. Kh2 Rc1 51. Re3 Rxc5 52. Rxf3 Rxe5 53. Rb3 Re4
54. bxa6 bxa6 55. Rb6 Rxa4 56. Rxe6 Ra2 57. Kg2 h4 58. gxh4+ Kxh4 59. Kf3 Kg5
1/2-1/2

[Event "Champ Bialystok'2012 U-20"]
[Site "Bialystok"]
[Date "2012.??.??"]
[Round "5.2"]
[White "Gorbacz, Filip"]
[Black "Kozaczynska, Aleksandra"]
[Result "1-0"]
[WhiteElo "1691"]
[BlackElo "1541"]
[PlyCount "97"]
[EventDate "2012.??.??"]

1. e4 c5 2. Nf3 d6 3. d4 cxd4 4. Nxd4 Nf6 5. Nc3 g6 6. f4 Nc6 7. Nf3 Bg7 8. Bd3
O-O 9. O-O a6 10. a4 b6 11. Qe1 Bb7 12. Qh4 Nb4 13. Bd2 Nxd3 14. cxd3 Re8 15.
e5 Bxf3 16. Rxf3 Nd7 17. Rh3 Nf8 18. Re1 e6 19. Qf2 d5 20. d4 Nd7 21. g4 f5 22.
gxf5 gxf5 23. Kh1 Kh8 24. Rg1 Rg8 25. Rhg3 Qe7 26. Qg2 Qf7 27. Qh3 Qe7 28. Rg5
Qf7 29. Ne2 Ra7 30. Ng3 Bf8 31. Rxg8+ Qxg8 32. Nxf5 Qf7 33. Nh4 Bg7 34. Nf3 Nf8
35. Ng5 Qg6 36. Bb4 Ra8 37. Bxf8 Rxf8 38. Nxe6 Qe4+ 39. Qg2 Qxg2+ 40. Rxg2 Rf7
41. Rxg7 Rxg7 42. Nxg7 Kxg7 43. f5 Kf7 44. Kg2 Kg7 45. Kf3 Kh6 46. e6 Kg7 47.
e7 Kf7 48. f6 Ke8 49. Kf4 1-0

[Event "Champ Bialystok'2012 U-20"]
[Site "Bialystok"]
[Date "2012.??.??"]
[Round "5.5"]
[White "Borawski, Jakub"]
[Black "Trofimiuk, Tomasz"]
[Result "1/2-1/2"]
[WhiteElo "1921"]
[BlackElo "1575"]
[PlyCount "60"]
[EventDate "2012.??.??"]

1. f4 Nf6 2. Nf3 d5 3. e3 e6 4. b3 b6 5. Bb2 Bb7 6. Ne5 a6 7. Qf3 Nbd7 8. Bd3
Bd6 9. Qg3 Bf8 10. f5 Nxe5 11. Bxe5 Rc8 12. fxe6 fxe6 13. O-O Kd7 14. Nc3 Be7
15. Ne2 Qf8 16. Nf4 Bd6 17. Qh3 Re8 18. Bb2 Bxf4 19. Rxf4 Kc8 20. Raf1 Kb8 21.
Bxf6 gxf6 22. Rxf6 Qb4 23. c3 Qa3 24. Rxe6 Reg8 25. Ref6 Qxa2 26. R6f2 Qxb3 27.
Qd7 Qa3 28. Rf7 Qc5 29. Bxh7 Rg5 30. Qe7 d4 1/2-1/2

[Event "Champ Bialystok'2012 U-20"]
[Site "Bialystok"]
[Date "2012.??.??"]
[Round "6.1"]
[White "Burakowska, Gabriela"]
[Black "Trofimiuk, Tomasz"]
[Result "1-0"]
[WhiteElo "1554"]
[BlackElo "1575"]
[PlyCount "75"]
[EventDate "2012.??.??"]

1. d4 Nf6 2. c4 e6 3. Nf3 b6 4. Nc3 Bb4 5. Bd2 Bb7 6. e3 O-O 7. Bd3 Bxc3 8.
Bxc3 Ne4 9. Qc2 f5 10. O-O-O d5 11. Bxe4 fxe4 12. Ne5 Nd7 13. h4 Nxe5 14. dxe5
Qe7 15. cxd5 Bxd5 16. Rh3 c5 17. h5 b5 18. b3 b4 19. Bb2 Rac8 20. Kb1 c4 21.
Rxd5 exd5 22. Bd4 Qe6 23. Qe2 cxb3 24. axb3 Rc7 25. Bb2 Rfc8 26. Rg3 d4 27.
exd4 a5 28. Qxe4 Rd7 29. f4 a4 30. f5 Qh6 31. bxa4 Qxh5 32. Qg4 Qh1+ 33. Ka2
Ra7 34. f6 Qf1 35. Qe6+ Kf8 36. fxg7+ Rxg7 37. Qxc8+ Kf7 38. Qd7+ 1-0

[Event "Champ Bialystok'2012 U-20"]
[Site "Bialystok"]
[Date "2012.??.??"]
[Round "6.2"]
[White "Rudnik, Anna"]
[Black "Borawski, Jakub"]
[Result "0-1"]
[WhiteElo "1586"]
[BlackElo "1921"]
[PlyCount "108"]
[EventDate "2012.??.??"]

1. e4 a6 2. d4 e6 3. Nf3 b5 4. c3 Bb7 5. Bd3 c5 6. dxc5 Bxc5 7. e5 Ne7 8. Bg5
Qb6 9. Qe2 Ng6 10. O-O Nc6 11. Nbd2 d5 12. Nb3 Be7 13. Bxe7 Ncxe7 14. Nbd4 Nf4
15. Qd2 Nxd3 16. Qxd3 Ng6 17. Rfe1 Rc8 18. Rad1 b4 19. cxb4 Qxb4 20. b3 O-O 21.
Rc1 Qa3 22. Qd2 Ne7 23. h3 h6 24. Rb1 Rc5 25. b4 Rc4 26. Rb3 Qa4 27. Qb2 Rfc8
28. Nd2 R4c7 29. b5 Qa5 30. b6 Rc2 31. Nxc2 Qxd2 32. Rc1 d4 33. Qa3 Nf5 34. Rd3
Qg5 35. f3 Nh4 36. g4 Nxf3+ 37. Kf2 Nxe5 38. Rxd4 Nc4 39. Rxc4 Rxc4 40. Qe3
Qf6+ 41. Kg1 Qb2 42. Qd2 Qxb6+ 43. Ne3 Rxc1+ 44. Qxc1 Qc6 45. Qd2 Qh1+ 46. Kf2
Qh2+ 47. Ke1 Qxd2+ 48. Kxd2 Kf8 49. Kc3 Ke7 50. Kd4 Bf3 51. Kc5 Be2 52. Kc6 g6
53. Kc5 f5 54. gxf5 gxf5 0-1

[Event "Champ Bialystok'2012 U-20"]
[Site "Bialystok"]
[Date "2012.??.??"]
[Round "6.4"]
[White "Kozaczynska, Aleksandra"]
[Black "Zochowski, Kacper"]
[Result "0-1"]
[WhiteElo "1541"]
[BlackElo "2049"]
[PlyCount "52"]
[EventDate "2012.??.??"]

1. e4 c5 2. Nf3 d6 3. d4 cxd4 4. Nxd4 Nf6 5. Nc3 a6 6. Bg5 e6 7. f4 b5 8. Qf3
Bb7 9. a3 Nbd7 10. O-O-O Be7 11. g4 Qb6 12. Bxf6 Bxf6 13. Nde2 b4 14. axb4 Qxb4
15. Bg2 Nc5 16. g5 Bxe4 17. Qf2 Bxc3 18. Nxc3 Bxg2 19. Qxg2 O-O 20. Qf3 Rab8
21. b3 Rfc8 22. Rhg1 Nxb3+ 23. cxb3 Rxc3+ 24. Qxc3 Qxc3+ 25. Kb1 Rxb3+ 26. Ka2
Qb2# 0-1

[Event "Champ Bialystok'2012 U-20"]
[Site "Bialystok"]
[Date "2012.??.??"]
[Round "6.5"]
[White "Daciuk, Jaroslaw"]
[Black "Gorbacz, Filip"]
[Result "1-0"]
[WhiteElo "1627"]
[BlackElo "1691"]
[PlyCount "47"]
[EventDate "2012.??.??"]

1. c4 Nf6 2. Nc3 e6 3. Nf3 b6 4. e4 Bb7 5. Bd3 d6 6. Bc2 Nbd7 7. d4 e5 8. O-O
Be7 9. b3 O-O 10. Bb2 Re8 11. Re1 Bf8 12. Qd2 g6 13. Rad1 Bg7 14. Qg5 exd4 15.
Nxd4 Nc5 16. f3 Qe7 17. b4 h6 18. Qc1 Ne6 19. Nd5 Qd8 20. Nxe6 Rxe6 21. Nf4 Re8
22. e5 Nh7 23. e6 f5 24. Nxg6 1-0

[Event "Champ Bialystok'2012 U-20"]
[Site "Bialystok"]
[Date "2012.??.??"]
[Round "7.1"]
[White "Gorbacz, Filip"]
[Black "Burakowska, Gabriela"]
[Result "0-1"]
[WhiteElo "1691"]
[BlackElo "1554"]
[PlyCount "56"]
[EventDate "2012.??.??"]

1. e4 c5 2. Nf3 e6 3. d4 cxd4 4. Nxd4 a6 5. Bd3 b5 6. O-O Bb7 7. Qe1 d6 8. f4
Nf6 9. Nf3 Be7 10. b3 Nbd7 11. Bb2 Nc5 12. Nbd2 Rc8 13. Rc1 Qb6 14. Bd4 Qc6 15.
e5 dxe5 16. fxe5 Nd5 17. Ne4 Nf4 18. Qd2 Nh3+ 19. gxh3 Nxe4 20. Qe3 Ng5 21. Be2
Nxh3+ 22. Kg2 Bg5 23. Kxh3 Bxe3 24. Bxe3 Qe4 25. Bd3 Qxe3 26. Rce1 Qh6+ 27. Kg3
Bxf3 28. Rxf3 Qg5+ 0-1

[Event "Champ Bialystok'2012 U-20"]
[Site "Bialystok"]
[Date "2012.??.??"]
[Round "7.2"]
[White "Zochowski, Kacper"]
[Black "Daciuk, Jaroslaw"]
[Result "1-0"]
[WhiteElo "2049"]
[BlackElo "1627"]
[PlyCount "61"]
[EventDate "2012.??.??"]

1. e4 c5 2. Nf3 e6 3. d4 cxd4 4. Nxd4 Nc6 5. Nb5 a6 6. Nd6+ Bxd6 7. Qxd6 Qe7 8.
Qc7 d5 9. Qxe7+ Ngxe7 10. exd5 Nxd5 11. c3 b5 12. g3 Ne5 13. Be2 Bb7 14. O-O
Nb6 15. f4 Nec4 16. b3 Nd6 17. Nd2 Rd8 18. Ba3 Nf5 19. Bf3 Bxf3 20. Nxf3 Ne3
21. Rfe1 Rd3 22. Ne5 Rd2 23. Bc5 Nc2 24. Rad1 Rxd1 25. Rxd1 Nd5 26. c4 Nc3 27.
Rd7 Ne4 28. Re7+ Kd8 29. Nc6+ Kc8 30. Bb6 Nd6 31. Rc7# 1-0

[Event "Champ Bialystok'2012 U-20"]
[Site "Bialystok"]
[Date "2012.??.??"]
[Round "7.5"]
[White "Trofimiuk, Tomasz"]
[Black "Rudnik, Anna"]
[Result "1-0"]
[WhiteElo "1575"]
[BlackElo "1586"]
[PlyCount "85"]
[EventDate "2012.??.??"]

1. e4 e5 2. Nf3 Nc6 3. d4 exd4 4. Nxd4 Bc5 5. Be3 Qf6 6. Nb5 Bxe3 7. fxe3 Qh4+
8. g3 Qd8 9. Qg4 g6 10. Bc4 Ne5 11. Qf4 d6 12. O-O Bh3 13. N1c3 g5 14. Qf2 c6
15. Bxf7+ Ke7 16. Bxg8 Rxg8 17. Qf6+ Kd7 18. Qxd6+ Kc8 19. Qxe5 cxb5 20. Rad1
Qc7 21. Qxc7+ Kxc7 22. Rf7+ Kc6 23. Rxh7 Be6 24. Rh6 Rae8 25. e5 Kc7 26. Nxb5+
Kb8 27. Nd4 Bg4 28. Rf1 Rxe5 29. h3 Bd7 30. Rh7 Kc8 31. Rff7 Rd8 32. Kf2 a6 33.
c4 Rc5 34. b3 b5 35. cxb5 axb5 36. Kf3 Rc3 37. g4 Be8 38. Ra7 Kb8 39. Rhb7+ Kc8
40. Ra8+ Kxb7 41. Rxd8 Bc6+ 42. Nxc6 Rxc6 43. Rd5 1-0

[Event "Champ Bialystok'2012 U-20"]
[Site "Bialystok"]
[Date "2012.??.??"]
[Round "8.1"]
[White "Burakowska, Gabriela"]
[Black "Rudnik, Anna"]
[Result "1-0"]
[WhiteElo "1554"]
[BlackElo "1586"]
[PlyCount "131"]
[EventDate "2012.??.??"]

1. d4 Nf6 2. Nf3 g6 3. Bf4 Bg7 4. e3 O-O 5. h3 d6 6. Bd3 Nc6 7. O-O Nh5 8. Bh2
f5 9. Nc3 e5 10. dxe5 dxe5 11. Bc4+ Kh8 12. Qxd8 Rxd8 13. Ng5 Na5 14. Be2 Rf8
15. Rfd1 h6 16. Nf3 e4 17. Ne5 Kh7 18. Rd5 b6 19. Rad1 Nf6 20. Rd8 Rxd8 21.
Rxd8 Nb7 22. Rd1 Nc5 23. Nc6 Bb7 24. Nd8 c6 25. Nf7 Re8 26. Nd6 Rd8 27. b4 Ne8
28. Nxe8 Rxe8 29. bxc5 Bxc3 30. Rd7+ Kh8 31. Rxb7 bxc5 32. Rxa7 Rd8 33. Rc7 Rd2
34. Bf1 Rxc2 35. Rxc6 Be1 36. Bg3 Kh7 37. Rc7+ Kg8 38. a4 Bb4 39. Rc6 Kf7 40.
Rb6 Rc1 41. Bd6 Rc2 42. Rxb4 cxb4 43. Bxb4 Rc1 44. a5 Ke6 45. a6 Ra1 46. Bc5
Kd5 47. Bd4 Ra3 48. a7 Kc6 49. Bc4 g5 50. Be6 f4 51. Bf5 Kd5 52. Bh7 Ra5 53.
Bb6 Ra6 54. f3 exf3 55. gxf3 Ra1+ 56. Kf2 Ra2+ 57. Ke1 Ra1+ 58. Kd2 Ra2+ 59.
Kc1 Kc6 60. Bd4 fxe3 61. Be4+ Kd7 62. a8=Q e2 63. Qd5+ Kc7 64. Be5+ Kb6 65.
Qc6+ Ka5 66. Bc3# 1-0

[Event "Champ Bialystok'2012 U-20"]
[Site "Bialystok"]
[Date "2012.??.??"]
[Round "8.3"]
[White "Kozaczynska, Aleksandra"]
[Black "Borawski, Jakub"]
[Result "0-1"]
[WhiteElo "1541"]
[BlackElo "1921"]
[PlyCount "100"]
[EventDate "2012.??.??"]

1. e4 e5 2. Nf3 Nc6 3. Bc4 Bc5 4. c3 Nf6 5. d3 d6 6. Bg5 Bb6 7. Bb3 h6 8. Bh4
g5 9. Bg3 Qe7 10. Nbd2 Bd7 11. Nc4 Bc5 12. Ba4 a5 13. Qb3 Nd8 14. Bxd7+ Qxd7
15. a4 Nh5 16. Qc2 f5 17. exf5 Qxf5 18. O-O-O Nf4 19. Bxf4 Qxf4+ 20. Qd2 Bxf2
21. Qxf4 gxf4 22. Rhf1 Bc5 23. d4 exd4 24. Nxd4 O-O 25. Nb5 Rf7 26. Rd3 Nc6 27.
Rdf3 d5 28. Nd2 Ne5 29. Rh3 Be3 30. Nd4 Nc4 31. N4f3 Rg7 32. g3 fxg3 33. Rxg3
Rxg3 34. hxg3 Rf8 35. Kc2 Nxd2 36. Nxd2 Bxd2 37. Rxf8+ Kxf8 38. Kxd2 c5 39. Ke3
Ke7 40. Kf4 Kf6 41. b3 h5 42. Ke3 Kf5 43. Kf3 d4 44. cxd4 cxd4 45. Ke2 Ke4 46.
Kd2 d3 47. Kd1 Ke3 48. Ke1 d2+ 49. Kd1 Kd3 50. g4 hxg4 0-1

[Event "Champ Bialystok'2012 U-20"]
[Site "Bialystok"]
[Date "2012.??.??"]
[Round "8.5"]
[White "Gorbacz, Filip"]
[Black "Zochowski, Kacper"]
[Result "0-1"]
[WhiteElo "1691"]
[BlackElo "2049"]
[PlyCount "53"]
[EventDate "2012.??.??"]

1. Nf3 d5 2. g3 c5 3. Bg2 Nc6 4. d4 e6 5. O-O Nf6 6. b3 Be7 7. Bb2 O-O 8. Ne5
Nxd4 9. Bxd4 cxd4 10. Qxd4 Nd7 11. Nxd7 Bxd7 12. c3 Bf6 13. Qd3 Rc8 14. e4 Qb6
15. Rd1 Bb5 16. Qf3 d4 17. Na3 dxc3 18. Nc2 h6 19. e5 Bxe5 20. Qxb7 Qxb7 21.
Bxb7 Rcd8 22. Rxd8 Rxd8 23. Rc1 Rd2 24. Ne3 Rxa2 25. Nd1 c2 26. Ne3 Bd3 27.
Nxc2 0-1

[Event "Champ Bialystok'2012 U-20"]
[Site "Bialystok"]
[Date "2012.??.??"]
[Round "9.1"]
[White "Zochowski, Kacper"]
[Black "Burakowska, Gabriela"]
[Result "1-0"]
[WhiteElo "2049"]
[BlackElo "1554"]
[PlyCount "99"]
[EventDate "2012.??.??"]

1. e4 c5 2. Nf3 e6 3. d4 cxd4 4. Nxd4 a6 5. c4 Nf6 6. Nc3 d6 7. g3 b6 8. Bg2
Bb7 9. O-O Qc7 10. b3 b5 11. Be3 b4 12. Nce2 Nxe4 13. Qe1 Nc5 14. Qxb4 Bxg2 15.
Kxg2 Nc6 16. Nxc6 Qxc6+ 17. f3 Be7 18. Nd4 Qc7 19. Qd2 O-O 20. Rfd1 Rfd8 21.
Bg5 Bxg5 22. Qxg5 d5 23. b4 Na4 24. c5 Nb2 25. Rf1 Nc4 26. Kh1 h6 27. Qc1 Qb7
28. a3 Rac8 29. Qc3 Qc7 30. f4 Qb7 31. Rae1 a5 32. c6 Qc7 33. b5 Qd6 34. a4 Re8
35. Nb3 Ra8 36. Rd1 Qe7 37. Rfe1 Qa3 38. Ra1 Qd6 39. Qd4 f6 40. Rad1 Qb4 41.
Nc5 Qa3 42. Nxe6 Qf3+ 43. Kg1 Rac8 44. Qxd5 Qxd5 45. Rxd5 Nb6 46. Rd4 Kf7 47.
Rd7+ Kg8 48. Rxg7+ Kh8 49. Rg6 Kh7 50. Rxf6 1-0

[Event "Champ Bialystok'2012 U-20"]
[Site "Bialystok"]
[Date "2012.??.??"]
[Round "9.3"]
[White "Borawski, Jakub"]
[Black "Daciuk, Jaroslaw"]
[Result "1/2-1/2"]
[WhiteElo "1921"]
[BlackElo "1627"]
[PlyCount "47"]
[EventDate "2012.??.??"]

1. e4 c5 2. Nf3 e6 3. d4 cxd4 4. Nxd4 Nc6 5. Nb5 a6 6. Nd6+ Bxd6 7. Qxd6 Qe7 8.
Qxe7+ Ngxe7 9. Nc3 Nb4 10. Kd1 d5 11. Be3 Nbc6 12. Bc5 O-O 13. exd5 exd5 14.
Bd3 Be6 15. Kd2 Rfe8 16. Rae1 Ng6 17. Bxg6 hxg6 18. Bb6 Rac8 19. a3 Nb8 20. Kc1
Nd7 21. Be3 Rc4 22. Rd1 Nf6 23. Kb1 Rec8 24. Rd4 1/2-1/2